Common Kanji #1 - Statistics

General Stats
  • This quiz has been taken 118 times
  • The average score is 11 of 20
Answer Stats
Hint Answer % Correct
ie
86%
kokoro
83%
楽しい tanoshii
81%
bun, fun
79%
kuni
75%
高い takai
74%
mae
71%
aji
69%
ji
69%
出る deru
67%
ご飯 gohan
67%
mono
65%
立つ tatsu
64%
同じ onaji
63%
chikara
62%
kan, aida
61%
長い nagai
60%
shi
59%
bun, fun
58%
hashi
58%
場所 bashou
57%
sha
57%
koto
54%
tokoro
53%
ato
50%
hou, kata
48%
shin
48%
質問 shitsumon
48%
意味 imi
46%
chi
45%
嬉しい ureshii
40%
dou
38%
uchi
37%
gyaku
30%
田舎 inaka
26%
積極 sekkyoku
21%
kai
7%
No matching quizzes found
Score Distribution
Percent of People with Each Score
Percentile by Number Answered
Your Score History
You have not taken this quiz